Vstup nových členských krajín do Európskej únie

Gespeichert in:
Bibliographische Detailangaben
1. Verfasser: Gallová, Jana
Weitere Verfasser: Unoková, Anna
Format: Buchkapitel
Sprache:Slowakisch
Tags: Tag hinzufügen
Keine Tags, Fügen Sie das erste Tag hinzu!

MARC

LEADER 00000naa$a2200000$$$4500
001 0060756
005 20240502083144.9
041 0 |a slo 
044 |a CZ 
245 1 0 |a Vstup nových členských krajín do Európskej únie  |c Jana Gallová, Anna Unoková 
100 1 |a Gallová, Jana 
700 1 |a Unoková, Anna